Plus long que Sarkozy en prison - Statistiques

Statistiques générales
  • Ce quiz a été pris 354 fois
  • Le résultat moyen est 2 sur 15
Answers on the Grid
Answers color-coded by a green-red scale on the quiz's grid according to % correct below.
Liz Truss Première ministre britannique
Gouvernement Lecornu I
Jeux Olympiques 2024
Blitzkrieg en Pologne
Durée de prison ferme effective de Balkany
Stage d'observation au collège
Jérôme Cahuzac Ministre du Budget
Festival de Cannes
COP 21
Exposition Universelle de Paris 1900
Crise des missiles de Cuba
Premier confinement en France (2020)
Expédition Apollo 11
Coupe du Monde 2018
Star Ac 2024
Calendrier de l'Avent
Pontificat le plus court de l'Histoire (Urbain VII)
Siège de Fort Alamo
Durée de vie d'un globule rouge
Blocage du canal de Suez par l'Evergiven
Présidence des USA la plus courte
Guerre Israël - Iran 2025
Oktoberfest
Trajet Paris - Menton à pied (non-stop)
Tour de France 2024
Durée de gestation d'une chatte
Shutdown du gouvernement américain (2025)
Conférence de Yalta (1945)
Conclave de 2013
Congé paternité légal en France
 
Statistiques - réponses
Réponse % Correct
Coupe du Monde 2018
32%
Calendrier de l'Avent
27%
Premier confinement en France (2020)
26%
Tour de France 2024
25%
Star Ac 2024
23%
Congé paternité légal en France
18%
Durée de gestation d'une chatte
14%
Shutdown du gouvernement américain (2025)
12%
Durée de prison ferme effective de Balkany
11%
Liz Truss Première ministre britannique
10%
Présidence des USA la plus courte
10%
Exposition Universelle de Paris 1900
8%
Jérôme Cahuzac Ministre du Budget
7%
Blitzkrieg en Pologne
5%
Durée de vie d'un globule rouge
5%
Aucun quiz correspondant
Distribution des résultats
% des personnes avec chaque résultat
Percentile par nombre de réponses
Votre historique - résultats
Vous n’avez pas pris ce quiz